LIBRARY & INFORMATION CENTRE, KCAET, TAVANUR

ONLINE PUBLIC ACCESS CATALOGUE (OPAC)

School geometry Part I -VI / (Record no. 8782)

MARC details
000 -LEADER
fixed length control field 00396cam a2200157ua 4500
041 ## - LANGUAGE CODE
Language code of text/sound track or separate title eng
082 ## - DEWEY DECIMAL CLASSIFICATION NUMBER
Classification number 516
Item number HAL/SC
100 ## - MAIN ENTRY--AUTHOR NAME
Personal name Hall, H.S .
245 ## - TITLE STATEMENT
Title School geometry Part I -VI /
260 ## - PUBLICATION, DISTRIBUTION, ETC. (IMPRINT)
Place of publication New york :
Name of publisher MacMillan and Company Limited ,
Year of publication 1960.
300 ## - PHYSICAL DESCRIPTION
Number of Pages 442 ; .
700 1# - ADDED ENTRY--PERSONAL NAME
Personal name Stevens, F.H .
942 ## - ADDED ENTRY ELEMENTS (KOHA)
Koha item type Books
Holdings
Withdrawn status Lost status Damaged status Home library Current library Date acquired Full call number Accession Number Koha item type
      KAUAET KAUAET 07/04/2012 516 5331 Books
free website counter